|
|
|
|
| LEADER |
00000naa2a2200000 4500 |
| 001 |
575271 |
| 005 |
20241228182415.0 |
| 035 |
|
|
|a (RuTPU)RU\TPU\prd\274041
|
| 035 |
|
|
|a RU\TPU\prd\273547
|
| 090 |
|
|
|a 575271
|
| 100 |
|
|
|a 20170922d2006 k||y0rusy50 ca
|
| 101 |
0 |
|
|a rus
|
| 102 |
|
|
|a RU
|
| 200 |
1 |
|
|a Повышение износостойкости оборудования, применяемого для измельчения смерзшегося и крупнокускового угольного топлива
|f С. Ф. Гнюсов [и др.]
|
| 461 |
|
|
|0 (RuTPU)RU\TPU\prd\391
|x 0131-1336
|t Тяжелое машиностроение
|o научно-технический и производственный журнал
|f Центральный научно-исследовательский институт технологии и машиностроения (ЦНИИТМАШ)
|d 1990-
|
| 463 |
|
|
|0 (RuTPU)RU\TPU\prd\47707
|t № 10
|v С. 22-24
|d 2006
|
| 610 |
1 |
|
|a труды учёных ТПУ
|
| 610 |
1 |
|
|a износостойкость оборудования
|
| 610 |
1 |
|
|a угольное топливо
|
| 701 |
|
1 |
|a Гнюсов
|b С. Ф.
|c специалист в области машиностроения
|c профессор Томского политехнического университета, доктор технических наук
|f 1960-
|g Сергей Фёдорович
|3 (RuTPU)RU\TPU\pers\26508
|
| 701 |
|
1 |
|a Маков
|b Д. А.
|
| 701 |
|
1 |
|a Дуpаков
|b В. Г.
|
| 701 |
|
1 |
|a Советченко
|b Б. Ф.
|c специалист в области машиностроения
|c доцент Томского политехнического университета, кандидат технических наук
|f 1946-
|g Борис Федорович
|3 (RuTPU)RU\TPU\pers\26630
|
| 801 |
|
0 |
|a RU
|b 63413507
|c 20020118
|g PSBO
|
| 801 |
|
2 |
|a RU
|b 63413507
|c 20170922
|g PSBO
|
| 942 |
|
|
|c CR
|